Daytona 500 Winners - Statistics

General Stats
  • This quiz has been taken 1,208 times
    832 since last reset
  • The average score is 35 of 56
Answer Stats
Year Race Winner % Correct
1998 Dale Earnhardt
93%
2004 Dale Earnhardt, Jr.
92%
2014 Dale Earnhardt, Jr.
92%
1964 Richard Petty
91%
1966 Richard Petty
91%
1971 Richard Petty
91%
1973 Richard Petty
91%
1974 Richard Petty
91%
1979 Richard Petty
91%
1981 Richard Petty
91%
1997 Jeff Gordon
88%
1999 Jeff Gordon
88%
2005 Jeff Gordon
88%
2006 Jimmie Johnson
88%
2013 Jimmie Johnson
88%
1959 Lee Petty
88%
2001 Michael Waltrip
81%
2003 Michael Waltrip
81%
1989 Darrell Waltrip
80%
1960 Junior Johnson
80%
2007 Kevin Harvick
73%
2009 Matt Kenseth
69%
2012 Matt Kenseth
69%
1978 Bobby Allison
66%
1982 Bobby Allison
66%
1988 Bobby Allison
66%
1992 Davey Allison
65%
1993 Dale Jarrett
63%
1996 Dale Jarrett
63%
2000 Dale Jarrett
63%
2011 Trevor Bayne
60%
2008 Ryan Newman
58%
1968 Cale Yarborough
57%
1977 Cale Yarborough
57%
1983 Cale Yarborough
57%
1984 Cale Yarborough
57%
1976 David Pearson
54%
2010 Jamie McMurray
52%
1994 Sterling Marlin
52%
1995 Sterling Marlin
52%
2002 Ward Burton
48%
1985 Bill Elliott
47%
1987 Bill Elliott
47%
1990 Derrike Cope
42%
1975 Benny Parsons
38%
1980 Buddy Baker
37%
1967 Mario Andretti
37%
1962 Fireball Roberts
36%
1972 A.J. Foyt
32%
1991 Ernie Irvan
31%
1986 Geoff Bodine
27%
1963 Tiny Lund
21%
1969 LeeRoy Yarbrough
19%
1970 Pete Hamilton
18%
1965 Fred Lorenzen
16%
1961 Marvin Panch
16%
No matching quizzes found
Score Distribution
Percent of People with Each Score
Percentile by Number Answered
Your Score History
You have not taken this quiz since the last reset